000 00230 a2200097 4500
001 1129
100 _aTreater, H.
245 _aInduction heating fundmental princples and applcations
260 _a
_bChapman
_c
090 _c691
_d691
942 _aNUST-CAE
_cM
_c33500
999 _c236202
_d236202